| 000 | 00803cam a2200217 4500 | ||
|---|---|---|---|
| 001 | WB3628-02 | ||
| 008 | 000000n2000 000 0 eng u | ||
| 035 | _a(Sirsi) u107234 | ||
| 245 | _aListed buildings | ||
| 260 | _c2000 | ||
| 490 |
_aIrish Times _v18 July 2000, 25(2) |
||
| 520 | _aOwners of historic buildings in Dublin have until 20 September if they wish to object to the redesignation of their properties as protected structures. To date, only 176 of the 20,000 occupiers and owners have appealed against the change. | ||
| 590 | _aWB | ||
| 650 | _aLISTED BUILDINGS | ||
| 650 | _aPROTECTED STRUCTURES | ||
| 650 | _aDUBLIN | ||
| 650 | _aLIABILITY | ||
| 650 | _aPLANNING POLICY | ||
| 690 | _aBUILT ENVIRONMENT-BUILDING MAINTENANCE AND REFURBISHMENT-BUILDING CONSERVATION | ||
| 942 | _n0 | ||
| 999 |
_c64111 _d64111 |
||